Statistical and computational pharmacogenomics (Record no. 191508)

MARC details
000 -LEADER
fixed length control field 00518nam a2200169Ia 4500
005 - DATE AND TIME OF LATEST TRANSACTION
control field 20250227172356.0
008 - FIXED-LENGTH DATA ELEMENTS--GENERAL INFORMATION
fixed length control field 231217s9999 xx 000 0 und d
020 ## - INTERNATIONAL STANDARD BOOK NUMBER
International Standard Book Number 9781584888284
082 ## - DEWEY DECIMAL CLASSIFICATION NUMBER
Classification number 615.7 WUR;1 R
100 ## - MAIN ENTRY--PERSONAL NAME
Personal name Wu, Rongling. Lin-Min.
245 #0 - TITLE STATEMENT
Title Statistical and computational pharmacogenomics
260 ## - PUBLICATION, DISTRIBUTION, ETC. (IMPRINT)
Date of publication, distribution, etc. 2009
Name of publisher, distributor, etc. CRC Press
Place of publication, distribution, etc. Boca Raton
300 ## - PHYSICAL DESCRIPTION
Extent 346
650 ## - SUBJECT ADDED ENTRY--TOPICAL TERM
Topical term or geographic name as entry element Statistical,computational,pharmacogenomics
942 ## - ADDED ENTRY ELEMENTS (KOHA)
Koha item type Books
400 ## - SERIES STATEMENT/ADDED ENTRY--PERSONAL NAME [OBSOLETE, CAN/MARC], [LOCAL, USA]
Personal name Chapman and Hall/CRC interdisciplinary statistics series
Holdings
Date last seen Total Checkouts Full call number Accession number Old discount Uniform Resource Identifier Cost, replacement price Price effective from Category Lost status Damaged status Department Withdrawn status bill no. bill date Permanent Location Current Location Shelving location Entry date Vendor Cost, normal purchase price Grants Currency symbol Conversion rate Discount Discount type
26/01/2024   615.7 WUR;1 R 77008 20 digital/contents/77008.pdf 3277.26 26/01/2024 Books     Central Library   RB-341 01/09/2015 Central Library Central Library Central Library 02/02/2011 Royal Biblioman 54.99 BT/PG POUND 74.5 11 Rupees

© For any Suggestions or Query, please contact the library staff @ librarian@pes.edu or Phone: +9180 2672 1983/ 2108.